| 000 | 00584nam a2200205Ia 4500 | ||
|---|---|---|---|
| 003 | GCL | ||
| 005 | 20240530095838.0 | ||
| 008 | 140319s9999 xx 000 0 eng d | ||
| 040 |
_aGCL / _cGCL |
||
| 082 | 0 | 4 |
_a423 _bP O |
| 100 | 1 | _aPOLLARD, ELAINE | |
| 245 | 1 | 0 |
_aTHE OXFORD LARGE PRINT DICTIONARY / _cPOLLARD, ELAINE , LIEBECK, HELEN |
| 260 |
_alondon : _bOXFORD UNIVERSITY PRESS ، _c1995 |
||
| 300 |
_a939 p ; _c32 cm |
||
| 650 | 0 | 4 | _aENGLISH DICTIONARY |
| 650 | 0 | 4 | _aDICTIONARIES |
| 650 | 0 | 4 | _aENGLISH LANGUAGE |
| 700 | 1 |
_aLIEBECK, HELEN _esenior editor |
|
| 942 |
_2ddc _cBK |
||
| 999 |
_c11295 _d11295 |
||